000 00463nam a22001697a 4500
005 20200820104418.0
008 190427b xxu||||| |||| 00| 0 eng d
020 _a978-93-81595-71-8
041 _aeng
100 _aCHANDAK, SHYAM
_94950
245 _aA TEXTBOOK OF PHARMACEUTICAL JURISPRUDE NCE FOR DIPLOMA COURCE IN PHARMACY
250 _a6th ED. 2019
260 _aPUNE
_bNIRALI PRAKASHAN
300 _a8.1 p,
650 _aPHARMACY
_96309
942 _cBK
999 _c5830
_d5828